| 000 | 00505nam a2200145Ia 4500 | ||
|---|---|---|---|
| 008 | 100122s9999 xx 000 0 und d | ||
| 082 |
_b18124 _a823 |
||
| 100 | _aमडकईकर भालचंद्र | ||
| 245 | _aधरती भिडली आकाशाला | ||
| 260 |
_bप्रभाकर प्रकाशन _c1905 |
||
| 300 | _a159 | ||
| 630 | _aधरती भिडली आकाशाला | ||
| 730 | _aधरती भिडली आकाशाला | ||
| 942 | _cBOOK | ||
| 999 |
_c407638 _d407635 |
||